Geografía ii : sociedad y economía en la argentina contemporánea /
Guardado en:
| Autor Principal: | |
|---|---|
| Otros Autores: | , |
| Formato: | Libro |
| Publicado: |
Buenos Aires :
Longseller,
2011
|
| Series: | Enfoques
|
| Materias: | |
| Etiquetas: |
Agregar Etiqueta
Sin Etiquetas, Sea el primero en etiquetar este registro!
|
| LEADER | 01149nam a22002415a 4500 | ||
|---|---|---|---|
| 001 | CEM.cems013901 | ||
| 005 | 20130509102550.0 | ||
| 008 | 130507s2011##################000#0#####d | ||
| 003 | CEMS | ||
| 020 | |a 9789876830584 | ||
| 082 | 0 | 4 | |a 330.982 |
| 100 | 1 | |a Flores, Fabián Claudio | |
| 245 | 1 | 0 | |a Geografía ii : |b sociedad y economía en la argentina contemporánea / |c Coordinador: Fabián Claudio Flores; carlos Benítez, Christian Scaramella |
| 260 | |a Buenos Aires : |b Longseller, |c 2011 | ||
| 300 | |a 208 p. | ||
| 490 | 0 | |a Enfoques | |
| 505 | 0 | |a 1: La producción histórica del espacio argentino -- 2: Ambiente, recursos y sociedad en la Argentina -- 3: Población y condiciones de vida en la Argentina contemporánea -- 4: Los espacios rurales en transformación -- 5: Los espacios urbanos en la Argentina contemporánea -- 6: Espacio, política y cultura en la Argentina -- Procedimientos de la geografía.- | |
| 653 | |a Geografía | ||
| 653 | |a Geografia argentina | ||
| 653 | |a Geografía económica argentina | ||
| 700 | 1 | |a Benítez, Carlos | |
| 700 | 1 | |a Scaramella, Christian | |
| 859 | |a CEMS |b BIB. CEMS - 11 de abril |h 330.982 |i F663 |p 26648.13 |t Ej.1 | ||
